| 000 | 00366cam a2200145ua 4500 | ||
|---|---|---|---|
| 041 |
_aeng _h |
||
| 082 |
_a823.308 _bBOS/CA |
||
| 100 | _aBosanquet, Mary . | ||
| 245 |
_aCanada ride / _cMary Bosanquet. _hTextual Documents |
||
| 260 |
_aLondon : _bUniversity of London Press Ltd , _c1961. |
||
| 300 | _a192 ; . | ||
| 504 | _a | ||
| 942 | _cBK | ||
| 999 |
_c11856 _d11856 |
||